Езикът на цветята (Запис номер 5844)
[ съкратено ]
| 000 -Лидер | |
|---|---|
| Контролно поле с фиксирана дължина | 01591nam a2200361 c 4500 |
| 003 - Код на организацията, давaща контролен номер | |
| Контролно поле | BLK |
| 005 - Дата и час на последна редакция | |
| Контролно поле | 20180420214023.0 |
| 008 - Елементи от данни с фиксирана дължина | |
| fixed length control field | 180412b bul|||||r ||||||| ||bul|| |
| 010 ## - Наследен системен номер | |
| LC control number | KNG00007049000 |
| 040 ## - Източник на каталожния запис | |
| Идентификатор на билиотеката - собственик на записа | BLK |
| 041 ## - Код за език | |
| Код за езика на текст/звукозапис или на отделно заглавие | Български |
| Код за езика КДБФ | Български |
| 080 ## - УДК | |
| Текстов определител УДК | Подреждане и аранжиране на цветя - Изработване на букети, гирлянди, венци, аранжиране в вази и др. съдове, икебана и др. на сушени растения, семена |
| УДК код - определител по УДК | 745.9 |
| УДК определител | |
| УДК - код + определител | 745.9 |
| 080 ## - УДК | |
| Текстов определител УДК | Декоративни растения. Декоративно градинарство |
| УДК код - определител по УДК | 635.9 |
| УДК определител | |
| УДК - код + определител | 635.9 |
| 100 1# - Редна дума - Автор | |
| Автор | Лазарова, Ерика |
| Авторска отговорност | първи автор |
| R(LIN) | 250673 |
| 139 ## - Редно поле | |
| Редна дума | Лазарова, Ерика и др. |
| Авторски знак | Лаз - Л 14 |
| 245 10 - Сведения за заглавието | |
| Заглавие | Езикът на цветята |
| Редно поле (дума) | Ерика Лазарова; съавт. Даня Лазарова. |
| 257 ## - Страна на издаване | |
| Страна на създаване/издаване | България |
| 260 ## - Област на издателските данни | |
| -- | София |
| Име на издателя, разпространителя и проч. | Хомо Футурус |
| Година на издаване | 1995 |
| 300 ## - Физическа характеристика | |
| Страници | 176 с. |
| Илюстрации и др. | с ил. |
| Размери/Мащаб | 21 см |
| 380 ## - Жанр | |
| Жанр | Изкуство |
| 490 1# - СЕРИИ (Колекции) | |
| Име на серия | За всеки дом |
| 500 ## - Общи забележки | |
| Забележка | Авт. не са отбелязани на кор. - 5 000 тир. |
| 650 #4 - Допълнително описание по предмет – тема | |
| Основно описание – тема или топоним | Цветя - аранжиране и символика |
| 9 (RLIN) | 250675 |
| 650 #4 - Допълнително описание по предмет – тема | |
| Основно описание – тема или топоним | Букети - аранжиране |
| 9 (RLIN) | 149274 |
| 650 #4 - Допълнително описание по предмет – тема | |
| Основно описание – тема или топоним | Икебана |
| 9 (RLIN) | 156806 |
| 653 ## - Ключова дума – ненормативна | |
| Ключова дума | икебана |
| 700 1# - Други автори (авторска отговорност) | |
| Лично име | Лазарова, Даня |
| Автороска отговорност (Описва отношението между автора и произведението) | съавт. |
| 9 (RLIN) | 250674 |
| 852 ## - Местоположение | |
| Форматна сигнатура | Цб 182579 |
| 856 4# - Електронен адрес и достъп | |
| Електронен формат | pdf - файл |
| Път до файла /url/ | |
| 856 4# - Електронен адрес и достъп | |
| Електронен формат | pdf - файл |
| Път до файла /url/ | |
| 942 ## - АРТИКУЛИ | |
| Вид на библиотечния материал | Книги |
| Скрит в OPAC | Не |
| 944 ## - СЪЗДАВАНЕ И РЕДАКЦИЯ на ЗАПИСА | |
| Създаване/Редакция | Създаване |
| Дата на регистрацията/редакция | 15.01.2003 |
| Служител, извършил регистрацията/редакцията | Ирена_Линкова |
| 944 ## - СЪЗДАВАНЕ И РЕДАКЦИЯ на ЗАПИСА | |
| Създаване/Редакция | Редакция |
| Дата на регистрацията/редакция | 25.08.2015 |
| Служител, извършил регистрацията/редакцията | Валя_Йорданова |
| 999 ## - СИСТЕМНИ КОНТРОЛНИ НОМЕРА | |
| Koha biblionumber | 5844 |
| Koha biblioitemnumber | 5844 |
| Код за отписване | Код за изгубен артикул | Източник на класификационната схема | Код за повреда | Коз за рестрикции | Код за отдаване | Артикулен № | Име на библиотеката - собственик | Име на библиотеката, в която се намира в момента | Статус (Текущо местоположение) | Дата на вписване в системата | Местоположение - отдел | Цена в лева | Инвентарен номер | Систематично азбучна сигнатура | Баркод | Номер на екземпляра | Цена в евро | Служебна бележка | Служебен тип на артикула |
|---|---|---|---|---|---|---|---|---|---|---|---|---|---|---|---|---|---|---|---|
| Не е изгубен | Universal Decimal Classification | Не е повреден | само за читалня | ползва се в читалня | 10290 | Регионална библиотека "Любен Каравелов" Русе | Регионална библиотека "Любен Каравелов" Русе | Хранилище | 1995-01-01 | Хранилище | 0.88 | 612094 | Цб 298535 | 120000612094 | 1 | 0.45 | N: Сф Дата: 01.01.1995 | Книги | |
| Изтеглен | Не е изгубен | Universal Decimal Classification | Не е повреден | без рестрикции | заемане за дома | 10291 | Регионална библиотека "Любен Каравелов" Русе | Регионална библиотека "Любен Каравелов" Русе | Отдел Изкуство - подръчен фонд | 1995-01-01 | Отдел Изкуство - подръчен фонд | 0.88 | 611544 | 745/Л 14 | 611544 | 2 | 0.45 | Дост: Pk Вид: Ф N: стар фонд Дата: 01.01.1995 Дата инв: 07.06.2012 Бележки инв: | Книги |
| Изтеглен | Не е изгубен | Universal Decimal Classification | Не е повреден | без рестрикции | заемане за дома | 10292 | Регионална библиотека "Любен Каравелов" Русе | Регионална библиотека "Любен Каравелов" Русе | Отдел Изкуство - подръчен фонд | 1995-01-01 | Отдел Изкуство - подръчен фонд | 0.88 | 611543 | 745/749/Л 14 | 611543 | 3 | 0.45 | N: Сф Дата: 01.01.1995 | Книги |